Mystery Taylor Swift Song #139 - Statistics

General Stats
  • This quiz has been taken 247 times
  • The average score is 95 of 150
Answer Stats
Song % Correct
a
97%
I
96%
the
95%
me
93%
you
93%
And
90%
be
90%
your
90%
my
89%
to
89%
do
87%
was
87%
who
87%
it
86%
On
86%
then
86%
I'm
85%
in
85%
If
84%
where
83%
You're
83%
All
82%
Midnights
82%
at
81%
nineteen
81%
of
81%
that
81%
is
80%
go
79%
like
79%
this
79%
know
77%
never
77%
would've
77%
could've
76%
should've
76%
they
76%
with
76%
oh
75%
Ooh
75%
us
75%
But
74%
for
74%
I'd
74%
can't
73%
did
73%
mine
73%
back
72%
now
72%
first
71%
you'd
71%
time
70%
as
69%
won't
69%
why
68%
left
66%
devil
65%
from
65%
Give
65%
feel
64%
pain
64%
used
64%
wish
64%
danced
63%
heaven
63%
let
63%
way
63%
Would've, Could've, Should've
63%
down
62%
out
62%
girlhood
61%
God
61%
got
61%
grown
61%
mind
61%
scared
61%
stayed
61%
made
60%
miss
60%
about
59%
away
59%
ghosts
59%
Gone
59%
knees
59%
man?
58%
Memories
58%
regret
58%
sure
58%
damn
57%
glance
57%
Looked
57%
truth
57%
weapons
57%
wondering
57%
close
56%
soul
56%
hands?
55%
honest
55%
matter
55%
our
55%
some
55%
pray
54%
child
53%
God's
53%
only
53%
rest
53%
wash
53%
fight
52%
sleep
52%
tomb
52%
die?
51%
hurts
51%
important
51%
Living
51%
promising
51%
thrill
51%
along
50%
hitting
50%
saved
49%
tried
49%
blinked
48%
chance
48%
glass
48%
righteous
48%
Years
48%
boredom
47%
paint
47%
whispered
47%
wound
47%
crisis
46%
faith
46%
poison
46%
splatter
46%
tasted
46%
windows
46%
death
45%
erase
45%
keep
45%
Lord
45%
Spit
45%
stained
45%
tearing
45%
touched
45%
banners
44%
clarity's
42%
sign
42%
waiting
41%
safe
40%
played
39%
blushed
36%
No matching quizzes found
Score Distribution
Percent of People with Each Score
Percentile by Number Answered
Your Score History
You have not taken this quiz